Flood insurance study. Town of Lakeview, Arkansas, Phillips County.

Bibliographic Details
Format: Government Document Microform Book
Language:English
Published: [Washington, D.C.] : Federal Emergency Management Agency, [1998]
Subjects:
Online Access:Available online at HathiTrust:

MARC

Tag First Indicator Second Indicator Subfields
LEADER 00000cam a2200000Ii 4500
001 in00000003554
005 20190122114925.0
007 he bmb024bbca
008 990512s1998 dcuab bb f000 0 eng d
035 |a (OCoLC)ocm41348872 
035 |a (OCoLC)41348872 
040 |a GPO  |b eng  |e rda  |c GPO  |d OCLCQ  |d OCLCF  |d OCLCQ  |d OCLCO  |d OCLCQ  |d TXA  |d UtOrBLW 
043 |a n-us-ar 
049 |a TXAM 
050 4 |a GB1399.2 
074 |a 0594-C-04 (MF) 
086 0 |a FEM 1.209/4:050169 
245 0 0 |a Flood insurance study.  |p Town of Lakeview, Arkansas, Phillips County. 
246 3 0 |a Town of Lakeview, Arkansas, Phillips County 
264 1 |a [Washington, D.C.] :  |b Federal Emergency Management Agency,  |c [1998] 
300 |a iii, 7 pages :  |b illustrations, map 
336 |a text  |b txt  |2 rdacontent 
337 |a microform  |b h  |2 rdamedia 
338 |a microfiche  |b he  |2 rdacarrier 
500 |a "September 21, 1998." 
500 |a Title from cover. 
500 |a Location map on cover. 
500 |a Shipping list number: 99-0345-M. 
500 |a "Community number - 050169." 
504 |a Includes bibliographical references (pages 6-7). 
533 |a Microfiche.  |b [Washington, D.C.] :  |c United States Government Printing Office,  |d [1999].  |e 1 microfiche : negative. 
650 0 |a Flood forecasting  |z Arkansas  |z Phillips County. 
650 0 |a Flood forecasting  |z Arkansas  |z Lake View. 
650 0 |a Flood insurance  |z Arkansas  |z Phillips County. 
650 0 |a Flood insurance  |z Arkansas  |z Lake View. 
650 7 |a Flood insurance.  |2 fast  |0 (OCoLC)fst01715819 
651 0 |a Phillips County (Ark.)  |0 http://id.loc.gov/authorities/names/n82013182 
651 7 |a Arkansas  |z Phillips County.  |2 fast  |0 (OCoLC)fst01217912 
655 7 |a Technical reports.  |2 lcgft  |0 http://id.loc.gov/authorities/genreForms/gf2015026093 
710 1 |a United States.  |b Federal Emergency Management Agency,  |e issuing body.  |0 http://id.loc.gov/authorities/names/n78090715 
776 0 8 |i Print version:  |t Flood insurance study. Town of Lakeview, Arkansas, Phillips County 
856 4 1 |z Available online at HathiTrust:  |u http://hdl.handle.net/2027/txa.ark:/81423/m3rf4j  |t 0 
949 |a updated  |b h  |c 2018/11/29  |e spoltoratski  |f 4:10:02 pm 
994 |a C0  |b TXA 
999 f f |s b1f7883a-41ff-393b-9edc-a59ac2bb46f7  |i 19dce3d8-0991-31b4-aa8b-494a5a415aed  |t 0 
952 f f |a Texas A&M University  |b College Station  |c Electronic Resources  |d Available Online  |t 0  |e FEM 1.209/4:050169  |g Electronic  |h Superintendent of Documents classification 
998 f f |a FEM 1.209/4:050169  |t 0  |l Available Online